000 00668cam a22002051 4500
003 OSt
005 20260129111246.0
008 711012s1966 nyua b 000 0 eng
040 _aKABLIB
_cKABLIB
_beng.
_erda
082 0 0 _a591.51
_223
_bMAR
100 1 _aMarler, Peter.
_914853
245 1 0 _aMechanisms of animal behavior
_c[by] Peter Marler [and] William J. Hamilton, III.
260 _aNew York,
_bWiley
_c[1966]
300 _ax, 771 p. :
_billus. ;
_c24 cm.
336 _atext
_btxt
_2rdacontent
504 _aIncludes bibliographies.
650 0 _aAnimal behavior.
700 1 _aHamilton, William J.
_q(William John),
_d1931-
_ejoint author.
_914854
942 _2ddc
_cBOOK
999 _c5891
_d5891